00635nam a2200229 a 4500001001300000003000900013005001700022008004100039020000900080082001600089100001800105245002100123260003500144300000900179500003500188505001500223700001800238902000800256942000700264952011700271999001700388nice12345678IN_TiNIC20260116015146.0050524s1996 hyda grp 000 0 eng  ac3000a303.66bBHA aBhave, Vinoba aAhimsa Ki Talash aHyderabadbGandhi Darsanc1996 a277p aincludes index and biblioraphy2 aAppendices1 aBhave, Vinoba bSRS cBK 001040708StackRoom-aHMIbHMId2007-03-20g30.00l0o303.66 BHAp11000517r2007-03-20v30.00w2005-05-24yBK c18546d18546